World of Insects (Record no. 697766)

MARC details
000 -LEADER
fixed length control field 00266nam a2200109Ia 4500
008 - FIXED-LENGTH DATA ELEMENTS--GENERAL INFORMATION
fixed length control field 220713s9999 xx 000 0 und d
020 ## - INTERNATIONAL STANDARD BOOK NUMBER
International Standard Book Number <a href="978 0 7166 7735 2">978 0 7166 7735 2</a>
082 ## - DEWEY DECIMAL CLASSIFICATION NUMBER
Classification number JR 595.7 LEAR
942 ## - ADDED ENTRY ELEMENTS
Modifier ID 561
Modifier Name John Tresidder
100 ## - MAIN ENTRY--PERSONAL NAME
Personal name No author, editors only
245 #0 - TITLE STATEMENT
Title World of Insects
942 ## - ADDED ENTRY ELEMENTS
item type Books
Holdings
Withdrawn status Lost status Damaged status Not for loan Home library Current library Date acquired Cost, normal purchase price Total Checkouts Barcode Date last seen Price effective from item type Public note
        Gerard Sekoto PL(MMID-PLST-GERA) Gerard Sekoto PL(MMID-PLST-GERA) 13.07.2022 150.00   33089000118780 13.07.2022 13.07.2022 Books 562/09
        Koornfontein Public Library Koornfontein Public Library 01.07.2022 150.00   3390900091839 01.07.2022 01.07.2022 Books KFN030/21